000 00467nam a22001817a 4500
020 _a9789355435644
082 _aM3 (FTr.)
_bMAT/M
100 _aMat Haig
245 _aThe midnight library/
_cby Mat Haig
260 _aBhopal:
_bManjul Publishing House,
_c2020.
300 _a329p.
650 _aTranslation Novel English
650 _aNovel Malayalam
650 _aLiterature Malayalam
650 _aLiterature
700 _aHaritha C K (tr.)
942 _cBK
999 _c182057
_d182057